<?xml version="1.0" encoding="UTF-8"?><?xml-stylesheet type="text/xsl" href="static/style.xsl"?><OAI-PMH xmlns="http://www.openarchives.org/OAI/2.0/" xmlns:xsi="http://www.w3.org/2001/XMLSchema-instance" xsi:schemaLocation="http://www.openarchives.org/OAI/2.0/ http://www.openarchives.org/OAI/2.0/OAI-PMH.xsd"><responseDate>2026-04-27T01:59:12Z</responseDate><request verb="GetRecord" identifier="oai:repisalud.isciii.es:20.500.12105/6730" metadataPrefix="marc">https://repisalud.isciii.es/rest/oai/request</request><GetRecord><record><header><identifier>oai:repisalud.isciii.es:20.500.12105/6730</identifier><datestamp>2024-09-27T08:01:52Z</datestamp><setSpec>com_20.500.12105_19604</setSpec><setSpec>com_20.500.12105_2051</setSpec><setSpec>col_20.500.12105_19605</setSpec></header><metadata><record xmlns="http://www.loc.gov/MARC21/slim" xmlns:dcterms="http://purl.org/dc/terms/" xmlns:doc="http://www.lyncode.com/xoai" xmlns:xsi="http://www.w3.org/2001/XMLSchema-instance" xsi:schemaLocation="http://www.loc.gov/MARC21/slim http://www.loc.gov/standards/marcxml/schema/MARC21slim.xsd">
   <leader>00925njm 22002777a 4500</leader>
   <datafield ind2=" " ind1=" " tag="042">
      <subfield code="a">dc</subfield>
   </datafield>
   <datafield ind2=" " ind1=" " tag="720">
      <subfield code="a">Diez Sanchez, Alberto</subfield>
      <subfield code="e">author</subfield>
   </datafield>
   <datafield ind2=" " ind1=" " tag="260">
      <subfield code="c">2018-10-19</subfield>
   </datafield>
   <datafield ind2=" " ind1=" " tag="520">
      <subfield code="a">Tumors have been described as “wounds that never heal”; and non-tumoral surrounding cell populations involved in angiogenesis and response to injury, such as endothelial cells, immune cells and fibroblasts are actively engaged to support the aberrant growth and remodeling of the tumor mass, which conversely determine tumor architecture and behavior. These cells, along with extracellular matrix (ECM) components, define the tumor microenvironment or tumor stroma.&#xd;
While breast cancer progression was conceived for a long time to be largely dependent on aberrant mutations in tumor cells, stromal Cancer-Associated Fibroblasts (CAFs) have been demonstrated to modulate breast cancer growth, invasion, metastasis and therapeutic resistance.&#xd;
Caveolin-1 (CAV1), a prominent organizer of plasma membrane properties and function, exhibits extensive ties with many events defining tumor onset and progression. Although previous studies have shown CAV1 expression levels in CAFs to influence breast cancer growth and metastasis, the underlying driving mechanisms remain incompletely characterized. In this regard, ECM modification and metabolic reprogramming have been proposed as key aspects of a stromal CAV1-dependent role in tumor biology. This thesis research report aims to contribute to our understanding as to how CAV1 expression in stromal CAFs impact tumor angiogenesis, and thus tumor hypoxia, cancer aggressiveness and metastasis.&#xd;
The present work showcases evidence supporting a positive reciprocal feedback relationship between stromal CAV1 downregulation and endoplasmic reticulum (ER) stress, which can drive exacerbated proangiogenic signaling, causative of the generation of an aberrant and dysfunctional tumor vasculature. This report proposes defective angiogenesis and consequent hypoxia as major driving causes for increased aggressiveness of breast cancer in low stromal CAV1 tumors.</subfield>
   </datafield>
   <datafield ind1="8" ind2=" " tag="024">
      <subfield code="a">http://hdl.handle.net/20.500.12105/6730</subfield>
   </datafield>
   <datafield ind1="8" ind2=" " tag="024">
      <subfield code="a">10.4321/repisalud.6730</subfield>
   </datafield>
   <datafield tag="653" ind2=" " ind1=" ">
      <subfield code="a">breast cancer</subfield>
   </datafield>
   <datafield tag="653" ind2=" " ind1=" ">
      <subfield code="a">angiogenesis</subfield>
   </datafield>
   <datafield tag="653" ind2=" " ind1=" ">
      <subfield code="a">stroma</subfield>
   </datafield>
   <datafield tag="653" ind2=" " ind1=" ">
      <subfield code="a">caveolin-1</subfield>
   </datafield>
   <datafield tag="653" ind2=" " ind1=" ">
      <subfield code="a">cancer associated fibroblast</subfield>
   </datafield>
   <datafield ind2="0" ind1="0" tag="245">
      <subfield code="a">Role of stromal Caveolin-1 in breast cancer angiogenesis</subfield>
   </datafield>
</record></metadata></record></GetRecord></OAI-PMH>